000 00317 a2200145 4500
001 49359
040 _cAnchieta - Bela Vista
100 _a Guerra, Sônia Dos Santos
240 1 0 _aComo sair dessa
_lpor
245 1 0 _aComo sair dessa
300 _a36
362 0 _a1999
650 4 _aLiteratura juvenil
942 _cBK
999 _c49359
_d49359